000
00256nam a22001097a 4500
082
_a
658.2 MOO'M
100
_a
MOORE, FRANKLIN G
_9
58535
245
_a
MANUFACTURING MANAGEMENT
260
_a
ILLINOIS
_b
RICHARD D. IRWIN
_c
1955
300
_a
832P
942
_c
BK
999
_c
568719
_d
568719